000
00249nam a2200097Ia 4500
008
120527s9999 xx 000 0 und d
100
_a
GROEBNER, D.Fet al
245
_a
Business Statistics A decision-making Approach
260
_b
Pearson
942
_c
BK
999
_c
25467
_d
25467